| 000 | 00356nam a22001457a 4500 | ||
|---|---|---|---|
| 020 | _a9789380026879 | ||
| 082 |
_a604.2 _bGUP/EN |
||
| 100 | _aGupta, B.V.R | ||
| 245 | _aEngineering drawing with AutoCAD | ||
| 250 | _a2 | ||
| 260 |
_aNew Delhi _bI.K International Publishing House Pvt. Ltd. _c2011 |
||
| 300 | _a368 | ||
| 700 | _aRaja Roy, M | ||
| 942 | _cBK | ||
| 999 |
_c13662 _d13662 |
||